| 000 | 00938cab a22001935a 4500 | ||
|---|---|---|---|
| 001 | L149036 | ||
| 008 | 091216s2009 xxk 000 0 eng d | ||
| 035 | _a(Sirsi) u149036 | ||
| 041 | 0 | _aeng | |
| 100 | 1 | _aPio, Noella | |
| 245 | 0 | 0 |
_aEG _bLeisure |
| 260 | _c2009 | ||
| 490 |
_aEstates Gazette _v(0943) 31 October 2009, 59-71(11) |
||
| 520 | _aThe rise of stay at home (staycation) holidays, seeing an increase in caravaning in the UK, also changes are needed to the conservative policy for star-rating of hotels in the UK; the introduction of the "extended stay hotels", which are a blend of self-catering rooms and some levels of hotel service; and the recent financial changes has led to banks becoming owners of hotels, and are learning how to manage them. | ||
| 590 | _aka | ||
| 651 | 4 |
_aUnited Kingdom _y |
|
| 690 | _aPROPERTY-COMMERCIAL PROPERTY-LEISURE PROPERTY-HOLIDAY AND GUEST PROPERTY-HOTEL PROPERTY-HOTELS | ||
| 942 | _n0 | ||
| 999 |
_c82037 _d82037 |
||